|
|
|
|
| LEADER |
00000cam a2200000 a 4500 |
| 001 |
vtls008389143 |
| 003 |
SK-MaSNL |
| 005 |
20260301075525.0 |
| 008 |
230403s1955 xo oal grnf 000 0 slo |
| 015 |
|
|
|a SNBA19451955-008704
|
| 020 |
|
|
|q (brožované)
|
| 035 |
|
|
|a SK01SNKBKSFS20010081360
|
| 035 |
|
|
|a urn:nbn:sk:snk-am3i5ly
|
| 035 |
|
|
|a 51BB6ED7-1B3B-41D2-AACB-DD239610EB6C
|
| 035 |
|
|
|a urn:nbn:sk:snk-am00dkwq
|
| 035 |
|
|
|a SKM000083823
|
| 040 |
|
|
|a SNK
|b slo
|c SNK
|e AACR2
|
| 041 |
0 |
|
|a slo
|
| 044 |
|
|
|a xo
|c SK
|
| 072 |
|
7 |
|a 796
|x Šport. Hry. Telesné cvičenia
|2 konspekt
|
| 080 |
|
|
|a 796.54
|2 2001
|
| 080 |
|
|
|a (035)
|2 2011
|
| 100 |
1 |
|
|a Pacl, Juraj,
|d 1926-2011
|4 aut
|9 195551
|
| 245 |
1 |
0 |
|a Technika táborenia
|c J. Pacl, J. Pokorná
|
| 250 |
|
|
|a Vydanie prvé
|
| 260 |
|
|
|a Bratislava
|b Štátne telovýchovné nakladateľstvo
|c 1955
|e Liptovský Sv. Mikuláš
|f Severoslovenské tlačiarne
|
| 300 |
|
|
|a 126 strán
|b fotografie, ilustrácie, mapy
|c 24 cm
|
| 366 |
|
|
|e 5000 kusov
|
| 504 |
|
|
|a Bibliografia na strane 126 ; bibliografické odkazy a poznámky
|
| 650 |
0 |
7 |
|a táborenie
|2 SNKPH
|9 3261
|
| 655 |
|
7 |
|a príručky
|2 SNKPH
|9 74364
|
| 700 |
1 |
|
|a Pokorná, J.
|4 aut
|9 399763
|
| 852 |
|
|
|a Slovenská národná knižnica
|
| 954 |
|
|
|a odborná, vedecká literatúra pôvodná (slovenská)
|2 lita
|
| 958 |
|
|
|a OND
|
| 958 |
|
|
|a RK
|
| 958 |
|
|
|a TL
|
| 958 |
|
|
|a NB
|
| 958 |
|
|
|a EUIPO
|
| 999 |
|
|
|c 650487
|d 652417
|
| 952 |
|
|
|a SNK
|b SNK
|y PREZ
|7 0
|p 17A0772390
|o snkSC 6873
|i snk8568/55
|0 0
|1 0
|4 0
|d 2011-12-11
|f 1
|l 0
|r 2025-07-04 00:00:00
|w 2026-02-23
|
| 952 |
|
|
|a SNK
|b SNK
|y VYP
|7 0
|p 17A0568174
|o snkSC 6873 D1
|i snk
|0 0
|1 0
|4 0
|d 2008-03-06
|l 0
|r 2026-02-23 18:20:54
|w 2026-02-23
|